MDQL
is popping MORE tags! Check the
thread
!
Quizzes
Events
Quiz Creation
Community
Videos
Private Events
Remove Ads
Sign In
Join for FREE
Feedback
Dark Mode
Quiz Categories
Sports
Geography
Music
Movies
Television
Just For Fun
Miscellaneous
History
Literature
Language
Science
Gaming
Entertainment
Religion
Holiday
For Kids
Quiz Lab
Recent
Popular Today
Quiz Kudos Today
Editor Picks
Curator Picks
Quizzes by...
Day
Popularity
Type
Ratings
Length
Year
Community
Subscriptions
Recent Discussions
Orange Saloon
Badges
Playlists
Quests
Create
Leaderboards
Showdown
Live 5
Trivia Bingo
Activity
Puzzle Library
Sporcle Events
Private Events
Virtual Trivia
Globe League
Become a Host
Pub Owners
SporcleCon
Opinionation
Our Games
Videos
Blog
Mobile Apps
Partnerships
Remove Ads and Go Orange
Feedback
Sports
Athletes
MLB
NBA
NHL
NFL
Soccer
Sports Teams
WWE
NCAA
Football
Premier League
Basketball
Baseball
Hockey
Golf
Tennis
Cricket
Rugby
Auto Racing
Olympics
World Cup
Sports
Athletes
MLB
NBA
NHL
NFL
Soccer
Sports Teams
WWE
NCAA
Football
Premier League
Basketball
Baseball
Hockey
Golf
Tennis
Cricket
Rugby
Auto Racing
Olympics
World Cup
Random Quiz
Search Sporcle
×
Quiz Lab
Quiz Lab
Sports
National Team
Type in answers that appear in a list
Type in answers that appear in a list
Classic
Best Score? Go Orange.
Lithuanian Footballers since 1991 with min. 10 caps Stats
Can you name the Lithuanian Footballers since 1991 with min. 10 caps?
By
carles_puyol
13m
115 Questions
133 Plays
133 Plays
133 Plays
Comments
Comments
Give Quiz Kudos
Give Quiz Kudos
-
- Ratings
hide this ad
Replay
Link that replays current quiz
Next Quiz
Link to next quiz in quiz playlist
You Got
0%
They Got
Avg Score
37%
Avg Friend Score
Upgrade to see
Score Distribution
Jump to the score distribution portion of the page
Score
0/115
Timer
13:00
0
Plays Today
Pos.
Player
% Correct
FW
Edgaras Jankauskas
81.8%
DF
Algis Jankauskas
81.8%
DF
Marius Stankevičius
70.5%
FW
Simonas Stankevičius
70.5%
GK
Giedrius Arlauskis
68.9%
FW
Tomas Danilevičius
68.2%
MF
Arvydas Novikovas
67.4%
FW
Fiodor Černych
67.4%
MF
Deividas Šemberas
60.6%
MF
Saulius Mikoliūnas
60.6%
GK
Žydrūnas Karčemarskas
59.1%
DF
Andrius Skerla
57.6%
FW
Darvydas Šernas
55.3%
DF
Vytautas Andriuškevičius
55.3%
GK
Gintaras Staučė
54.5%
FW
Valdas Ivanauskas
54.5%
FW
Lukas Spalvis
53.8%
DF
Tomas Žvirgždauskas
53%
MF
Deividas Česnauskis
53%
MF
Edgaras Česnauskis
53%
FW
Deivydas Matulevičius
51.5%
FW
Audrius Žuta
48.5%
GK
Emilijus Zubas
48.5%
MF
Raimondas Žutautas
47%
DF
Giedrius Žutautas
47%
DF
Darius Žutautas
47%
GK
Ernestas Šetkus
47%
MF
Arminas Narbekovas
46.2%
MF
Mindaugas Kalonas
46.2%
GK
Marius Poškus
45.5%
FW
Robertas Poškus
45.5%
MF
Vykintas Slivka
44.7%
FW
Andrius Velička
43.9%
MF
Arūnas Klimavičius
43.9%
DF
Marius Žaliūkas
43.9%
MF
Linas Pilibaitis
43.9%
DF
Linas Klimavičius
43.9%
MF
Donatas Vencevičius
43.2%
MF
Mindaugas Panka
43.2%
Pos.
Player
% Correct
DF
Arūnas Mika
42.4%
MF
Mantas Kuklys
42.4%
DF
Vidas Alunderis
41.7%
FW
Donatas Kazlauskas
40.2%
DF
Aurelijus Skarbalius
39.4%
FW
Saulius Mikalajūnas
39.4%
FW
Igoris Morinas
37.9%
DF
Ignas Dedura
37.9%
DF
Artūras Žulpa
37.9%
MF
Darius Maciulevičius
37.1%
MF
Vytautas Lukša
37.1%
DF
Rolandas Baravykas
37.1%
MF
Tomas Ražanauskas
36.4%
DF
Valdemar Borovskij
36.4%
FW
Ričardas Beniušis
35.6%
MF
Mantas Savėnas
35.6%
FW
Tomas Radzinevičius
35.6%
DF
Deimantas Petravičius
35.6%
DF
Dainius Gleveckas
34.8%
DF
Valdas Slavickas
34.8%
FW
Nerijus Valskis
34.8%
DF
Edivinas Girdvainis
34.8%
MF
Ovidijus Verbickas
34.8%
FW
Tadas Labukas
34.1%
DF
Tadas Kijanskas
34.1%
MF
Karolis Chvedukas
34.1%
MF
Rimantas Žvingilas
32.6%
MF
Georgas Freidgeimas
32.6%
DF
Nerijus Barasa
31.8%
DF
Egidijus Vaitkūnas
31.8%
DF
Rolandas Džiaukštas
31.1%
FW
Valdas Trakys
31.1%
DF
Tomas Mikuckis
31.1%
MF
Tomas Tamošauskas
31.1%
MF
Aidas Preikšaitis
30.3%
FW
Artūras Fomenka
30.3%
FW
Gražvydas Mikulėnas
30.3%
MF
Darius Miceika
30.3%
MF
Kęstutis Ivaškevičius
30.3%
Pos.
Player
% Correct
MF
Viačeslavas Sukristovas
29.5%
DF
Nerijus Radžius
29.5%
MF
Modestas Vorobjovas
29.5%
DF
Andrėjus Tereškinas
28%
MF
Igoris Kirilovas
28%
MF
Irmantas Stumbrys
28%
DF
Virginijus Baltušnikas
28%
MF
Stasys Baranauskas
28%
DF
Gediminas Paulauskas
28%
MF
Vytautas Apanavičius
27.3%
FW
Eimantas Poderis
27.3%
MF
Orestas Buitkus
27.3%
DF
Andrius Jokšas
27.3%
MF
Andrius Gedgaudas
27.3%
DF
Tadas Gražiūnas
26.5%
MF
Gediminas Vičius
26.5%
DF
Valdas Urbonas
25.8%
FW
Vitalijus Kavaliauskas
25.8%
FW
Tomas Ramelis
25%
DF
Vladimiras Buzmakovas
24.2%
MF
Audrius Kšanavičius
24.2%
MF
Vaidotas Šlekys
23.5%
DF
Irmantas Zelmikas
22.7%
MF
Ramūnas Radavičius
22.7%
MF
Viktoras Olšanskis
22%
DF
Tomas Žiukas
20.5%
FW
Arūnas Šuika
19.7%
DF
Tomas Kančelskis
19.7%
DF
Romas Mažeikis
18.9%
DF
Darius Gvildys
18.9%
DF
Marius Skinderis
18.9%
DF
Ramūnas Stonkus
18.2%
DF
Raimondas Vainoras
16.7%
DF
Ričardas Zdančius
14.4%
MF
Naglis Miknevičius
11.4%
MF
Aurimas Kučys
11.4%
MF
Nerijus Gudaitis
9.8%
Quiz Playlist
Details
Report
Send in Message
Add To Playlist
Classic:
Type in answers that appear in a list
Quiz Source
Last Updated: Jul 11, 2019
Quiz Scoreboard
CHALLENGE
Sign Up to Join the Scoreboard
Show All
Scores
Hide
Comments
May contain spoilers
Recently Published
Holiday 10x10 Sorting Gallery
by lukepisani3
Holiday
15m
Two Season TV Shows II
by 123Four
Television
10m
Image Sorting: Flags VI
by Barbecue
Geography
2m
More to Explore
Quiz From the Vault
Featured Blog Post
14 Easter Pick-up Lines to Find Eggs With
hide this ad
You Might Also Like...
Tags
1990s
2000s
2010s
Footballer
National Team
Russia
Today's Top Quizzes in Sports
Browse Sports
hide this ad
Today's Top Quizzes in National Team
Browse National Team
Top Contributed Quizzes in Sports
1
Les meilleurs buteurs des matchs entre le PSG et l’OM
2
Les entraîneurs de l'OM et du PSG au 21e siècle
3
2022 World Cup Stars
4
Players with Multiple 50 Home Run Seasons
5
Les joueurs passés par le PSG et l'OM
6
FIFA Club World Cup Champions
7
Top 10 NHL Goal Scorers of All Time
8
Criteria MLB: Left Handed Sluggers
9
Les joueurs passés par le LOSC et le RC Lens
10
2023 MLB Unique Player Accomplishments
Explore More
Trending Topics
Harry Potter
Marvel
NBA
Crossword
Anime
Disney
Kpop
Soccer
WWE
The Office
Song
Country
NFL
Pokémon
Puzzle
hide this ad
More By:
carles_puyol
Quiz
Plays
Rating
Category
Featured
Created
Juventus XIs: since 1996/97 season
16,952
4.54
Sports
May 13, 2012
FC Barcelona XIs: since 1996/97 season
15,158
4.40
Sports
May 6, 2012
Real Madrid XIs: since 1996/97 season
13,597
4.65
Sports
May 6, 2012
AC Milan XIs: since 1996/97 season
12,721
4.29
Sports
May 8, 2012
Inter Milan XIs: since 1996/97 season
11,884
4.61
Sports
May 10, 2012
Go to Creator's Profile
Score Distribution
Quiz Creator Spotlight
carles_puyol
Follow
Send a Message
Quizzes Created
-
Created Quiz Play Count
-
More By This Creator
Popular Quizzes Today
1
Find the US States - No Outlines Minefield
2
Colored Red Africa Blitz
3
Find the 'City' Movie
4
The Countries of the World
5
Find the US States
6
5x2 Blitz: Bands
7
Find the Countries of Europe - No Outlines Minefield
8
US States
More Sports Quizzes
50 Home Runs with 2 or Less Steals
Quiz Lab
Trending Quizzes
Colored Red Europe Blitz I
Colored Red Europe Blitz II
Colored Red Africa Blitz II
Colored Red Europe Blitz III
Colored Red Africa Blitz III
Recently Updated
Odd Team Out - Big 4 Players
pecheneg
Quick Pick: 20 Twenties
pecheneg
March Madness Men's Triple Doubles
pecheneg
How Do You Spell That?
pecheneg
Godzilla Movies
pecheneg
Grab Bag: 4-10 Letters
pecheneg
2024 March Madness Bracket
pecheneg
Famous TV Couples
Peacemaker
Champions League XIs: Real Madrid
pecheneg
Largest US Cities 1790-2010
pecheneg
Trending Topics
Marvel
Harry Potter
Crossword
NBA
Anime
Disney
Kpop
Song
Pokémon
NFL
WWE
Soccer
The Office
Country
Puzzle
Your Account Isn't Verified!
In order to create a playlist on Sporcle, you need to verify the email address you used during registration. Go to your
Sporcle Settings
to finish the process.
Report this User
Report this user for behavior that violates our
Community Guidelines
.
Details:
Send Report
Go to the Sporcle.com Mobile Site →
Comments